Las travesuras de Julio / (Registro nro. 12560)

Detalles MARC
000 -LIDER
fixed length control field 00865nam a22003011 4500
001 - NÚMERO DE CONTROL
Identificador de número de control bimo0001608572
003 - IDENTIFICACDOR DE NÚMERO DE CONTROL
control field DO-SdBNP
005 - DATE AND TIME OF LATEST TRANSACTION
control field 20180205153546.0
008 - ELEMENTOS DE LONGITUD FIJA
fixed length control field 000401s1965 sp spa
016 7# - NO. DE CONTROL DE LA AGENCIA BIB. NACIONAL
Record control number
Canceled/invalid record control number
Source BPMSU
017 ## - NÚMERO DE REGISTRO DE DERECHOS DE AUTOR
Copyright or legal deposit number
Assigning agency
035 ## - NÚMERO LOCAL
System control number
040 ## - FUENTE DE CATALOGACIÓN
Agencia que crea de manera original el registro BPMSU
Idioma de catalogación spa
Agencia que realiza la transcripción BPMSU
080 #0 - NÚMERO DE CLASIFICACIÓN DECIMAL UNIVERSAL
Universal Decimal Classification number
082 ## - NÚMERO DE CLASIFICACIÓN DECIMAL DE DEWEY
Classification number XXX
Item number XXX
100 1# - ASIENTO PRINCIPAL -- NOMBRE PERSONAL
Nombre personal Wölfel, Ursula
Fechas asociadas con el nombre 1922-2014
240 ## - TITULO UNIFORME
Título uniforme Julius
Idioma de una obra Español
245 14 - MENCIÓN DE TITULO
Título Las travesuras de Julio /
Medio (Designación general de material)
Mención de responsabilidad traducción, Adriana Matons de Malagrida ; ilustraciones, Horst Lemke
260 ## - PUBLICACIÓN, DISTRIBUCIÓN, ETC. (PIE DE IMPRENTA)
Lugar de publicación, distribución, etc Barcelona :
Nombre del editor, distribuidor, etc. Noguer,
Fecha de publicación, distribución, etc 1965
300 ## - DESCRIPCIÓN FÍSICA
Extensión 97 p.
Otros detalles físicos il.
Dimensiones 20 cm
490 0# - MENCIÓN DE SERIES
Mención de serie Mundo mágico
Volume/sequential designation
700 12 - ASIENTO SECUNDARIO -- NOMBRE PERSONAL
Nombre personal Lemke, Horst
Mención de responsabilidad ils.
700 11 - ASIENTO SECUNDARIO -- NOMBRE PERSONAL
Nombre personal Matons de Malagrida, Adriana
Mención de responsabilidad tr.
830 ## - ASIENTO SECUNDARIO DE SERIE--TÍTULO UNIFORME
Título uniforme Mundo mágico
942 ## - ADDED ENTRY ELEMENTS (KOHA)
Source of classification or shelving scheme Dewey Decimal Classification
Koha item type Libros
945 ## - INFORMACIÓN DE PROCESAMIENTO LOCAL
Información de procesamiento local Inventariado, 2018/ YL
956 ## - LOCAL ELECTRONIC LOCATION AND ACCESS (OCLC)
Nombre de host VMATEO
Número de acceso 10
Información de compresión 20170224
Trayectoria BPMSU
Nombre Electrónico 0069
Existencias
Withdrawn status Lost status Source of classification or shelving scheme Damaged status Not for loan Collection code Home library Current library Date acquired Source of acquisition Total Checkouts Full call number Barcode Date last seen Price effective from Koha item type
    Dewey Decimal Classification     Colección General Biblioteca Pública Metropolitana Salomé Ureña Biblioteca Pública Metropolitana Salomé Ureña 02/24/2017 Servicio nacional de lectura   XXX XXX BPMSU17020056 02/24/2017 02/24/2017 Libros